书目信息 |
| 题名: |
理论力学
|
|
| 作者: | 李卓球 主编 | |
| 分册: | ||
| 出版信息: | 武汉 武汉工业大学出版社 2001.07 |
|
| 页数: | 223页 | |
| 开本: | 29cm | |
| 丛书名: | ||
| 单 册: | ||
| 中图分类: | O31-43 | |
| 科图分类: | ||
| 主题词: | 理论力学 , 一般力学 | |
| 电子资源: | ||
| ISBN: | 7-5629-1705-1 | |
| 000 | 00559nam0 2200205 45 | |
| 001 | 0256229332 | |
| 005 | 2002040815370909 | |
| 010 | @a7-5629-1705-1@dRMB 21.00 | |
| 100 | @a20020408d2001 km y0chiy0120 ea | |
| 101 | 0 | @achi |
| 102 | @aCN@b420000 | |
| 200 | 1 | @a理论力学@Ali lun li xue@f李卓球主编@FLi Zhuo Qiu Zhu Bian |
| 210 | @a武汉@c武汉工业大学出版社@d2001.07 | |
| 215 | @a223页@d29cm | |
| 606 | 0 | @a理论力学 |
| 606 | 0 | @a一般力学 |
| 690 | @aO31-43@v3 | |
| 701 | 0 | @a李卓球@ALi Zhuo Qiu@4主编 |
| 801 | 0 | @aCN@bPFT@c20020408 |
| 905 | @a10447@dO31-43@eL345 | |
| 理论力学/李卓球主编.-武汉:武汉工业大学出版社,2001.07 |
| 223页;29cm |
| ISBN 7-5629-1705-1:RMB 21.00 |
| ● |
| 相关链接 |
|
|
|
正题名:理论力学
索取号:O31-43/L345
 
预约/预借
| 序号 | 登录号 | 条形码 | 馆藏地/架位号 | 状态 | 备注 |
| 1 | 356238 | 203562386 | 自科库401/401自科库 81排1列2层/ [索取号:O31-43/L345] | 在馆 | |
| 2 | 356239 | 203562395 | 社科二线422/422社科库 16排2列2层/ [索取号:O31-43/L345] | 在馆 | |
| 3 | 356240 | 203562402 | 自科库401/401自科库 81排1列2层/ [索取号:O31-43/L345] | 在馆 | |
| 4 | 362509 | 203625096 | 自科库401/401自科库 81排1列2层/ [索取号:O31-43/L345] | 在馆 |